[Event "IECG Q1.2000.0.00110"]
[Site "IECG email"]
[Date "2000.04.08"]
[Round "?"]
[White "Baygildin, Vasily"]
[Black "Kent, Dave"]
[Result "1/2-1/2"]
[WhiteElo "2050"]
[BlackElo "1845"]
[PlyCount "61"]
[EventDate "2000.04.08"]
[EventType "tourn (corr)"]
[EventRounds "6"]
[SourceTitle "Corr 2008"]
[Source "ChessBase"]
[SourceDate "2008.06.24"]
[SourceVersion "1"]
[SourceVersionDate "2008.06.24"]
[SourceQuality "1"]

1. e4 e6 2. d4 d5 3. Nc3 Bb4 4. e5 c5 5. a3 Bxc3+ 6. bxc3 Ne7 7. a4 Nbc6 8. Nf3 Qa5 9. Bd2 0-0 10. Bd3 f6 11. exf6 Rxf6 12. 0-0 c4 13. Be2 Bd7 14. Bg5 Rf7 15. Qd2 Ng6 16. Rab1 Qc7 17. Nh4 Nf4 18. Bg4 h6 19. Bxf4 Qxf4 20. Qxf4 Rxf4 21. h3 b6 22. Rfe1 Rf6 23. g3 g6 24. f4 Re8 25. Ng2 Kf8 26. Ne3 Re7 27. Bf3 h5 28. Kg2 h4 29. Ng4 Rf5 30. Nh6 Rf6 31. Ng4 1/2-1/2